| 000 | 02746nam0a2200349 4500 | ||
|---|---|---|---|
| 001 | RU\NLR\bibl\1737966 | ||
| 005 | 20260607070359.0 | ||
| 010 |
_a978-5-91754-063-4 _9250 |
||
| 021 |
_aRU _b2011-5230 _9359 |
||
| 035 | _a(NLR Aleph) 001728893 | ||
| 090 |
_a1386862 _c1386862 |
||
| 100 | _a20110218d2010 |||y0rusy50 ca | ||
| 101 | 0 | _arus | |
| 102 | _aRU | ||
| 105 | _aac ||||||||| | ||
| 200 | 1 |
_aГигиенические и медико-профилактические технологии управления рисками здоровью населения в промышленно развитых регионах _eматериалы Научно-практической конференции с международным участием (Пермь, 6-8 октября 2010 г.) _fпод ред. акад. РАМН Г.Г. Онищенко, чл.-кор. РАМН Н.В. Зайцевой |
|
| 210 |
_aПермь _cКнижный формат _d2010 |
||
| 215 |
_a676 с. _cил., цв. ил., портр. _d30 |
||
| 300 | _aВ надзаг.: М-во здравоохранения и соц. развития Рос. Федерации, Федер. служба по надзору в сфере защиты прав потребителей и благополучия человека, Рос. акад. мед. наук, Отд-ние профилакт. медицины, ФГУН "Федер. науч. центр мед.-профилакт. технологий упр. рисками здоровью населения" Роспотребнадзора, Упр. Роспотребнадзора по Перм. краю [и др.] | ||
| 320 | _aБиблиогр. в конце докл. | ||
| 320 | _aАлф. указ.: с. 673-676 | ||
| 606 | 1 |
_aЗдоровье _jСъезды, совещания и т.п. _xВлияние загрязнения окружающей среды отходами промышленных предприятий _92064854 _3RU\NLR\auth\661239362 |
|
| 686 | _aР11(2)0я431(0) | ||
| 686 | _aР121.101.0я431(0) | ||
| 702 | 1 |
_7ca _8rus _aОнищенко _bГ. Г. _f1950- _gГеннадий Григорьевич _970856 _3RU\NLR\auth\7787928 |
|
| 711 | 1 | 2 |
_a"Гигиенические и медико-профилактические технологии управления рисками здоровью населения в промышленно развитых регионах", научно-практическая конференция с международным участием _eПермь _f2010 _9853097 _3RU\NLR\AUTH\8810178484 |
| 801 | 0 |
_aRU _bNLR _c20110218 _gRCR |
|
| 801 | 1 |
_aRU _bNLR _c20110218 |
|
| 942 | _cBOOK | ||
| 980 | _aNB | ||
| 980 | _aNBR | ||